Taylor Swift - Les Chansons traduites en français #6 - Statistiques

Statistiques générales
  • Ce quiz a été pris 1 108 fois
    28 depuis la dernière actualisation
  • Le résultat moyen est 14 sur 20
Statistiques - réponses
Traductions Chansons % Correct
Floride Florida!!!
95%
Dernier baiser Last Kiss
95%
Miel Honey
90%
L'homme le plus petit qui ait jamais vécu The Smallest Man Who Ever Lived
90%
Rue Cornelia Cornelia Street
86%
Beaux yeux Beautiful Eyes
81%
La chanson de Marie Mary's Song
81%
Triste, beau, tragic Sad Beautiful Tragic
81%
Bientôt tu iras mieux Soon You'll Get Better
81%
La dernière bonne dynastie américaine the last great american dynasty
76%
Tout a changé Everything Has Changed
71%
Femme folle mad woman
71%
Bonheur happiness
67%
Esprit de maître Mastermind
67%
Les étincelles volent Sparks Fly
67%
Au revoir bébé Bye Bye Baby
62%
Pour toujours et à jamais Forever & Always
57%
Voiture de fuite Getaway Car
57%
Pour faire court long story short
48%
C'est ainsi que les choses se passent So It Goes...
19%
Aucun quiz correspondant
Distribution des résultats
% des personnes avec chaque résultat
Percentile par nombre de réponses
Votre historique - résultats
Vous n’avez pas pris ce quiz depuis la dernière actualisation